Statistics for Countries starting or ending in "in"

Click here to take the quiz!

General Stats

  • This quiz has been taken 518 times
  • The average score is 4 of 6

Answer Stats

Answer% Correct
India
98%
Indonesia
97%
Benin
72%
Bahrain
44%
Spain
40%
Liechtenstein
23%

Score Distribution

Percentile by Number Answered

Percent of People with Each Score

Your Score History

You have not taken this quiz